000 005670000a22002170004500
999 _c48500
_d48500
001 1331
003 CO-MdFUSB
005 20180410145136.0
008 180207b xxu||||| |||| 00| 0 eng d
020 _a958-8110-13-0
040 _cCO-MdBIC
082 0 4 _a423 P943b
100 1 _aForero Delgadillo, Alfonso
245 1 0 _aDiccionario bilingüe de sinónimos y antónimos / Alfonso Forero Delgadillo
250 _a1a ed.
260 _aBogotá : Prolibros
300 _a382 P.
505 0 0 _aT.1 De la A-G T.2 De la G-Z
650 1 4 _aDICCIONARIO
942 _cLGB